Statistics for Arknights Operators Names

Click here to take the quiz!

General Stats

  • This quiz has been taken 310 times
    (298 since last reset)
  • The average score is 106 of 154

Answer Stats

Operator Name% Correct
SilverAsh
93%
W
91%
Ch'en
90%
Saria
87%
Texas
87%
Yato
87%
Amiya
85%
Hoshiguma
85%
Kroos
85%
Skadi
85%
Durin
84%
Exusiai
84%
Lancet-2
84%
Aak
83%
Blaze
83%
Fang
83%
Shining
83%
Thorns
83%
Gavial
82%
Hibiscus
82%
Lava
82%
Siege
82%
12F
81%
Ifrit
81%
Melantha
81%
Midnight
81%
Nightingale
81%
Spot
81%
Bagpipe
80%
Lappland
80%
Silence
80%
Specter
80%
Angelina
79%
Beagle
79%
Castle-3
79%
Cliffheart
79%
Mostima
79%
Nearl
79%
Noir Corne
79%
Weedy
79%
Ansel
78%
Myrtle
78%
Nian
78%
Orchid
78%
Projekt Red
78%
Ceobe
77%
Gummy
77%
Rosa
77%
Schwarz
77%
Adnachiel
76%
Eyjafjalla
76%
May
76%
Phantom
76%
Rangers
76%
Jessica
75%
Meteor
75%
Popukar
75%
Vanilla
75%
Zima
75%
Cardigan
74%
Courier
74%
Gravel
74%
Magallan
74%
Blue Poison
73%
Catapult
73%
Hellagur
73%
Liskarm
73%
Shaw
73%
Steward
73%
Suzuran
73%
Ptilopsis
72%
Ethan
71%
Istina
71%
Mayer
71%
Meteorite
71%
Perfumer
71%
Pramanix
71%
Sora
71%
Croissant
70%
Plume
70%
Ceylon
69%
Dobermann
69%
Eunectes
69%
Hung
69%
Rope
69%
Vigna
69%
Elysium
68%
Matterhorn
68%
Broca
67%
Waai Fu
67%
Cuora
66%
Franka
66%
Skyfire
66%
Bison
65%
FEater
65%
Jaye
65%
Warfarin
65%
Scavenger
64%
Deepcolor
63%
Grani
63%
Indra
63%
Platinum
63%
THRM-EX
63%
Tomimi
63%
Frostleaf
62%
Manticore
62%
Chiave
61%
Dur-nar
61%
Executor
61%
Firewatch
61%
Gitano
61%
Myrrh
61%
Ambriel
59%
Astesia
59%
Beehunter
59%
Breeze
59%
Flamebringer
59%
GreyThroat
59%
Sussuro
59%
Swire
59%
Vulcan
59%
Provence
58%
Click
57%
Nightmare
57%
Reed
57%
Shamare
57%
Earthspirit
56%
Haze
56%
Shirayuki
56%
Utage
56%
Andreana
55%
Cutter
55%
Mousse
55%
Podenco
55%
Vermeil
55%
Folinic
54%
Glaucus
54%
Absinthe
53%
Beeswax
53%
Flint
53%
Asbestos
52%
Matoimaru
52%
Estelle
51%
Snowsant
51%
Aciddrop
50%
Greyy
50%
Savage
50%
Tsukinogi
50%
Ayerscarpe
48%
Bibeak
48%
Sesa
48%
Leizi
47%
Leonhardt
47%
Sideroca
45%

Score Distribution

Percentile by Number Answered

Percent of People with Each Score

Your Score History

You have not taken this quiz since the last reset